000 01000nam a22003137a 4500
003 CHAP
005 20220329135049.0
008 971013s1985 r 00010 d
010 _a30344
011 _a31316
035 _a35428
040 _cCHAP
082 _a972.1
_bM3 1985
100 0 0 _aMange, Juan Mateo.
_970389
245 _aDiario de las exploraciones en Sonora
_b: luz de tierra incógnita
250 _a3 ed.
260 _aHermosillo, Son. :
_bGobierno del Estado de Sonora,
_c1985
300 _a162 p
590 _aBATCH-UPD
_b10
_c20130110
_lUCH01
_h0124
590 _aBATCH-UPD
_b10
_c20130110
_lUCH01
_h1807
590 _aBATCH-UPD
_b10
_c20130410
_lUCH01
_h1142
590 _aBATCH-UPD
_b10
_c20130914
_lUCH01
_h1743
590 _aCONVERSION
_b10
_c20130109
_lUCH01
_h1317
650 1 4 _aSonora
_xDescripción y viaje.
_9108583
650 1 4 _aSonora
_xHistoria.
_9108587
901 _aBK
942 _cLIBRO
949 _a972.1 M3 1985
_bBC
_cLIBRO
_d33724000141727
_eLIBRO
_h65000
_i35428
_mD
_si
999 _c30344
_d30344